| 000 | 00561nam a2200193Ia 4500 | ||
|---|---|---|---|
| 005 | 20250326142843.0 | ||
| 008 | 250326s9999 xx 000 0 und d | ||
| 020 | _a0-07-047340-4 | ||
| 037 | _aTextbook | ||
| 040 |
_aFMSL _beng _cFMSL |
||
| 041 |
_aeng _2eng |
||
| 084 |
_aX:8obB P2 _qFMSL |
||
| 100 | _aVohra N D | ||
| 245 | 0 |
_aTheory and problems in quantitative techniques in management _cVohra N D |
|
| 260 |
_aNew Delhi _bNew Delhi, Tata McGraw Hill _c2002 |
||
| 300 | _aviii,620 | ||
| 942 |
_cTB _hX:8obB P2 |
||
| 999 |
_c1296954 _d1296954 |
||